[Event "Dewan Astana Karnival op"]
[Site "Dewan Astana"]
[Date "2015.07.31"]
[Round "5"]
[White "Sri, Kabelen Srimuralith"]
[Black "Saw, Kai Jie"]
[Result "1-0"]
[WhiteElo "1483"]
[BlackElo "1228"]
[PlyCount "93"]
[EventDate "2015.07.29"]
[EventType "swiss"]
[EventRounds "7"]
[EventCountry "MAS"]
[SourceTitle "EXT 2017"]
[Source "ChessBase"]
[SourceDate "2016.10.25"]
[SourceVersion "1"]
[SourceVersionDate "2016.10.25"]
[SourceQuality "1"]

1. c4 e5 2. Nc3 Nf6 3. g3 Bc5 4. Bg2 Ng4 5. e3 d6 6. Nge2 Nc6 7. h3 Nf6 8. d4 exd4 9. exd4 Bb6 10. 0-0 0-0 11. Bg5 h6 12. Be3 Bf5 13. a3 Qd7 14. Kh2 a6 15. b4 Rab8 16. Nf4 Rfe8 17. Re1 Nd8 18. Ncd5 Nxd5 19. Nxd5 Ba7 20. Bxh6 Rxe1 21. Qxe1 Ne6 22. Be4 Bxe4 23. Qxe4 Bxd4 24. Rd1 Bb2 25. Qg4 Kf8 26. Rd2 Ba1 27. Bg5 f6 28. Be3 c6 29. Nb6 Qe7 30. Re2 Qf7 31. f4 Rd8 32. Ra2 Bd4 33. Bxd4 Nxd4 34. f5 Nb5 35. Re2 Nxa3 36. Qe4 Re8 37. Qd3 Rxe2+ 38. Qxe2 d5 39. cxd5 cxd5 40. Qd3 Nc4 41. Nxd5 Ne5 42. Qe4 Qh5 43. Nf4 Qf7 44. Ne6+ Ke7 45. Qxb7+ Ke8 46. Qc8+ Ke7 47. Qd8# 1-0